日本の内閣総理大臣 - Statistics

General Stats
  • This quiz has been taken 132 times
    105 since last reset
  • The average score is 55 of 103
Answer Stats
Hint 在職開始日 在職終了日 Answer % Correct
第1代 明治18年12月22日 明治21年4月30日 伊藤博文
93%
第5代 明治25年8月8日 明治29年8月31日 伊藤博文
93%
第7代 明治31年1月12日 明治31年6月30日 伊藤博文
93%
第10代 明治33年10月19日 明治34年5月10日 伊藤博文
93%
第90代 平成18年9月26日 平成19年9月26日 安倍晋三
80%
第96代 平成24年12月26日 平成26年12月24日 安倍晋三
80%
第97代 平成26年12月24日 平成29年11月1日 安倍晋三
80%
第98代 平成29年11月1日 令和2年9月16日 安倍晋三
80%
第100代 令和3年10月4日 令和3年11月10日 岸田文雄
76%
第101代 令和3年11月10日 令和6年10月1日 岸田文雄
76%
第8代 明治31年6月30日 明治31年11月8日 大隈重信
75%
第17代 大正3年4月16日 大正5年10月9日 大隈重信
75%
第102代 令和6年10月1日 令和6年11月11日 石破茂
75%
第103代 令和6年11月11日 現在 石破茂
75%
第87代 平成13年4月26日 平成15年11月19日 小泉純一郎
74%
第88代 平成15年11月19日 平成17年9月21日 小泉純一郎
74%
第89代 平成17年9月21日 平成18年9月26日 小泉純一郎
74%
第12代 明治39年1月7日 明治41年7月14日 西園寺公望
73%
第14代 明治44年8月30日 大正元年12月21日 西園寺公望
73%
第99代 令和2年9月16日 令和3年10月4日 菅義偉
73%
第11代 明治34年6月2日 明治39年1月7日 桂太郎
71%
第13代 明治41年7月14日 明治44年8月30日 桂太郎
71%
第15代 大正元年12月21日 大正2年2月20日 桂太郎
71%
第2代 明治21年4月30日 明治22年10月25日 黒田清隆
70%
第40代 昭和16年10月18日 昭和19年7月22日 東條英機
70%
第92代 平成20年9月24日 平成21年9月16日 麻生太郎
70%
第94代 平成22年6月8日 平成23年9月2日 菅直人
69%
第3代 明治22年12月24日 明治24年5月6日 山縣有朋
66%
第9代 明治31年11月8日 明治33年10月19日 山縣有朋
66%
第93代 平成21年9月16日 平成22年6月8日 鳩山由紀夫
65%
第19代 大正7年9月29日 大正10年11月4日 原敬
64%
第64代 昭和47年7月7日 昭和47年12月22日 田中角榮
63%
第65代 昭和47年12月22日 昭和49年12月9日 田中角榮
63%
第95代 平成23年9月2日 平成24年12月26日 野田佳彦
63%
第29代 昭和6年12月13日 昭和7年5月26日 犬養毅
61%
第61代 昭和39年11月9日 昭和42年2月17日 佐藤榮作
61%
第62代 昭和42年2月17日 昭和45年1月14日 佐藤榮作
61%
第63代 昭和45年1月14日 昭和47年7月7日 佐藤榮作
61%
第34代 昭和12年6月4日 昭和14年1月5日 近衛文麿
60%
第38代 昭和15年7月22日 昭和16年7月18日 近衛文麿
60%
第39代 昭和16年7月18日 昭和16年10月18日 近衛文麿
60%
第84代 平成10年7月30日 平成12年4月5日 小渕恵三
59%
第4代 明治24年5月6日 明治25年8月8日 松方正義
58%
第6代 明治29年9月18日 明治31年1月12日 松方正義
58%
第43代 昭和20年8月17日 昭和20年10月9日 東久邇宮稔彦王
56%
第56代 昭和32年2月25日 昭和33年6月12日 岸信介
56%
第57代 昭和33年6月12日 昭和35年7月19日 岸信介
56%
第52代 昭和29年12月10日 昭和30年3月19日 鳩山一郎
54%
第53代 昭和30年3月19日 昭和30年11月22日 鳩山一郎
54%
第54代 昭和30年11月22日 昭和31年12月23日 鳩山一郎
54%
第58代 昭和35年7月19日 昭和35年12月8日 池田勇人
53%
第59代 昭和35年12月8日 昭和38年12月9日 池田勇人
53%
第60代 昭和38年12月9日 昭和39年11月9日 池田勇人
53%
第85代 平成12年4月5日 平成12年7月4日 森喜朗
53%
第86代 平成12年7月4日 平成13年4月26日 森喜朗
53%
第20代 大正10年11月13日 大正11年6月2日 高橋是清
51%
第71代 昭和57年11月27日 昭和58年12月27日 中曽根康弘
51%
第72代 昭和58年12月27日 昭和61年7月22日 中曽根康弘
51%
第73代 昭和61年7月22日 昭和62年11月6日 中曽根康弘
51%
第24代 大正13年6月11日 大正15年1月28日 加藤高明
49%
第91代 平成19年9月26日 平成20年9月24日 福田康夫
49%
第27代 昭和4年7月2日 昭和6年4月14日 濱口雄幸
48%
第81代 平成6年6月30日 平成8年1月11日 村山富市
48%
第42代 昭和20年4月7日 昭和20年8月17日 鈴木貫太郎
46%
第67代 昭和51年12月24日 昭和53年12月7日 福田赳夫
46%
第74代 昭和62年11月6日 平成元年6月3日 竹下登
46%
第82代 平成8年1月11日 平成8年11月7日 橋本龍太郎
45%
第83代 平成8年11月7日 平成10年7月30日 橋本龍太郎
45%
第76代 平成元年8月10日 平成2年2月28日 海部俊樹
44%
第77代 平成2年2月28日 平成3年11月5日 海部俊樹
44%
第79代 平成5年8月9日 平成6年4月28日 細川護熙
44%
第26代 昭和2年4月20日 昭和4年7月2日 田中義一
43%
第55代 昭和31年12月23日 昭和32年2月25日 石橋湛山
43%
第80代 平成6年4月28日 平成6年6月30日 羽田孜
43%
第66代 昭和49年12月9日 昭和51年12月24日 三木武夫
41%
第16代 大正2年2月20日 大正3年4月16日 山本權兵衛
40%
第18代 大正5年10月9日 大正7年9月29日 寺内正毅
40%
第22代 大正12年9月2日 大正13年1月7日 山本權兵衛
40%
第25代 大正15年1月30日 昭和2年4月20日 若槻禮次郎
40%
第28代 昭和6年4月14日 昭和6年12月13日 若槻禮次郎
40%
第68代 昭和53年12月7日 昭和54年11月9日 大平正芳
40%
第69代 昭和54年11月9日 昭和55年6月12日 大平正芳
40%
第44代 昭和20年10月9日 昭和21年5月22日 幣原喜重郎
39%
第75代 平成元年6月3日 平成元年8月10日 宇野宗佑
39%
第33代 昭和12年2月2日 昭和12年6月4日 林銑十郎
38%
第70代 昭和55年7月17日 昭和57年11月27日 鈴木善幸
36%
第21代 大正11年6月12日 大正12年8月24日 加藤友三郎
35%
第37代 昭和15年1月16日 昭和15年7月22日 米内光政
34%
第41代 昭和19年7月22日 昭和20年4月7日 小磯國昭
34%
第46代 昭和22年5月24日 昭和23年3月10日 片山哲
34%
第47代 昭和23年3月10日 昭和23年10月15日 芦田均
34%
第78代 平成3年11月5日 平成5年8月9日 宮澤喜一
31%
第23代 大正13年1月7日 大正13年6月11日 清浦奎吾
30%
第32代 昭和11年3月9日 昭和12年2月2日 廣田弘毅
29%
第35代 昭和14年1月5日 昭和14年8月30日 平沼騏一郎
29%
第31代 昭和9年7月8日 昭和11年3月9日 岡田啓介
28%
第36代 昭和14年8月30日 昭和15年1月16日 阿部信行
28%
第45代 昭和21年5月22日 昭和22年5月24日 𠮷田茂
21%
第48代 昭和23年10月15日 昭和24年2月16日 𠮷田茂
21%
第49代 昭和24年2月16日 昭和27年10月30日 𠮷田茂
21%
第50代 昭和27年10月30日 昭和28年5月21日 𠮷田茂
21%
第51代 昭和28年5月21日 昭和29年12月10日 𠮷田茂
21%
第30代 昭和7年5月26日 昭和9年7月8日 齋藤󠄁實
5%
No matching quizzes found
Score Distribution
Percent of People with Each Score
Percentile by Number Answered
Your Score History
You have not taken this quiz since the last reset